| 000 | 01581nam0a2200301 4500 | ||
|---|---|---|---|
| 001 | RU\NLR\BIBL_A\011253750 | ||
| 005 | 20260406104434.0 | ||
| 010 |
_a978-5-9535-0471-3 _9150 |
||
| 021 |
_aRU _b2016-76946 _95007 |
||
| 035 | _a(NLR Aleph) 011253750 | ||
| 090 |
_a12181403 _c12181403 |
||
| 100 | _a20161026d2016 |||y0rusy50 ca | ||
| 101 | 0 | _aeng | |
| 102 | _aRU | ||
| 105 | _ay z 000zy | ||
| 200 | 1 |
_aRussia: arms control, disarmament and international security _eIMEMO supplement to the Russian edition of the SIPRI yearbook 2015 _fPrimakov nat. research inst. of world economy a. intern. relations Russ. acad. of sciences (IMEMO RAN) _gpref. by Alexander Dynkin _ged.: Alexei Arbatov a. Sergey Oznobishchev |
|
| 210 |
_aMoscow _cIMEMO _d2016 |
||
| 215 |
_a202 с. _d24 |
||
| 320 | _aБиблиогр. в подстроч. примеч. | ||
| 541 | 1 |
_aРоссия: контроль над вооружениями, разоружение и международная безопасность _eДополнение ИМЭМО к русскому изданию ежегодника СИПРИ 2015 |
|
| 606 | 1 |
_aВооружение _xКонтроль _xМеждународно-правовые вопросы _92166977 _3RU\NLR\AUTH\661303773 |
|
| 686 | 1 | _aХ918.13 | |
| 702 | 1 |
_4340 _8rus _7ba _aArbatov _bA. G. _f1951- _gAleksej Georgievič _3RU\NLR\AUTH\77101594 _984520 |
|
| 711 | 0 | 2 |
_8eng _aInstitute of world economy and international relations _cMoscow _7ba _3RU\NLR\AUTH\883074 _9277293 |
| 942 | _cBOOK | ||
| 980 | _aNB | ||